[Event "Hasselbacken Open 2016"]
[Site "Stockholm SWE"]
[Date "2016.05.06"]
[Round "7.14"]
[White "Goganov, Aleksey"]
[Black "Efroimski, Marsel"]
[Result "1-0"]
[WhiteTitle "GM"]
[BlackTitle "WIM"]
[WhiteElo "2591"]
[BlackElo "2278"]
[WhiteFideId "24109959"]
[BlackFideId "2810964"]
[EventDate "2016.04.30"]

1. Nf3 Nf6 2. g3 g6 3. b3 d5 4. Bb2 Bg7 5. c4 c6 6. Bg2 O-O 7. O-O Bg4 8. d3
Nbd7 9. Nbd2 Re8 10. cxd5 Bxf3 11. Nxf3 cxd5 12. Rc1 Rc8 13. Rxc8 Qxc8 14. Qa1
b6 15. Rc1 Qb7 16. Ne5 Rc8 17. Rc4 b5 18. Rxc8+ Qxc8 19. Bh3 Bf8 20. e4 Qb7 21.
Nxf7 Kxf7 22. e5 e6 23. exf6 Qb6 24. Qc1 Bc5 25. Qf4 Qd6 26. Qh4 h5 27. Qg5 Qb6
28. Qf4 Qd6 29. Qf3 Ne5 30. Qe2 Nd7 31. d4 Bb6 32. Qxb5 Nxf6 33. a4 Qc7 34. Qe2
Qd6 35. Qc2 h4 36. Qc8 Ne4 37. Kg2 Ng5 38. Bg4 hxg3 39. hxg3 Ne4 40. Ba3 Qxa3
41. Bxe6+ Kf6 42. Bxd5 Nxf2 43. Qe6+ Kg7 44. Qg8+ Kf6 45. Qf7+ 1-0

[Event "Hasselbacken Open 2016"]
[Site "Stockholm SWE"]
[Date "2016.05.06"]
[Round "7.15"]
[White "Burmakin, Vladimir"]
[Black "Thorn, Eric"]
[Result "1/2-1/2"]
[WhiteTitle "GM"]
[WhiteElo "2554"]
[BlackElo "2204"]
[WhiteFideId "4105109"]
[BlackFideId "1710729"]
[EventDate "2016.04.30"]

1. d4 Nf6 2. Nf3 g6 3. Bf4 Bg7 4. e3 d6 5. Be2 O-O 6. O-O c5 7. c3 b6 8. h3 Ba6
9. a4 Bxe2 10. Qxe2 Nc6 11. Rd1 Qc8 12. Nbd2 cxd4 13. exd4 Qf5 14. Bh2 Rac8 15.
Qb5 Qd7 16. Nc4 Rfe8 17. Nfd2 Bf8 18. Bf4 Qf5 19. Qxf5 gxf5 20. Ne3 e6 21. d5
Na5 22. Bg5 Kg7 23. Kf1 Kg6 24. Bxf6 Kxf6 25. g4 Bh6 26. Re1 Bxe3 27. Rxe3 Nc4
28. Nxc4 Rxc4 29. dxe6 fxe6 30. gxf5 Kxf5 31. Rd1 Rxa4 32. Rxd6 Ra1+ 33. Kg2 Re7
34. Rd8 Rg7+ 35. Kf3 Kf6 36. Rd6 Re7 37. Ke4 Rc7 38. Kf4 Re7 39. Ke4 Rc7 40. Kf3
Re7 41. Ke4 Rc7 1/2-1/2

[Event "Hasselbacken Open 2016"]
[Site "Stockholm SWE"]
[Date "2016.05.06"]
[Round "7.16"]
[White "Sagit, Rauan"]
[Black "Greenfeld, Alon"]
[Result "0-1"]
[WhiteTitle "FM"]
[BlackTitle "GM"]
[WhiteElo "2389"]
[BlackElo "2541"]
[WhiteFideId "1708376"]
[BlackFideId "2800039"]
[EventDate "2016.04.30"]

1. Nf3 d6 2. d4 Nf6 3. g3 g6 4. Bg2 Bg7 5. O-O O-O 6. c4 Nbd7 7. Nc3 e5 8. e4
exd4 9. Nxd4 Re8 10. Re1 Nc5 11. f3 Nfd7 12. Be3 Ne5 13. b3 f5 14. b4 Ncd3 15.
Re2 c5 16. bxc5 dxc5 17. Nc2 Nxc4 18. Nd5 fxe4 19. fxe4 Ncb2 20. Qd2 Bg4 21. Bg5
Qxd5 22. exd5 Rxe2 23. Qa5 Rxc2 24. Rf1 Bd4+ 25. Kh1 Nd1 26. h3 N1f2+ 27. Kh2
Bf3 28. Qa4 Ng4+ 29. hxg4 Rxg2+ 30. Kh3 Bg1 31. Rxf3 Rh2# 0-1

[Event "Hasselbacken Open 2016"]
[Site "Stockholm SWE"]
[Date "2016.05.06"]
[Round "7.17"]
[White "Libiszewski, Fabien"]
[Black "Morros Faura, Ricard"]
[Result "1-0"]
[WhiteTitle "GM"]
[WhiteElo "2520"]
[BlackElo "2205"]
[WhiteFideId "616834"]
[BlackFideId "2294311"]
[EventDate "2016.04.30"]

1. e4 c5 2. Nc3 g6 3. d4 Bg7 4. dxc5 Qa5 5. Bd2 Qxc5 6. Nd5 Na6 7. Nf3 e6 8. Bc3
Kf8 9. Bxg7+ Kxg7 10. Nc3 Nb4 11. Bd3 e5 12. a3 Nc6 13. Nd5 a5 14. O-O Nge7 15.
b4 Qd6 16. Nb6 Rb8 17. Nc4 Qf6 18. b5 Nd4 19. Nxd4 exd4 20. e5 Qe6 21. f4 b6 22.
Nd6 Bb7 23. f5 Qxe5 24. f6+ Kg8 25. Nxb7 Nd5 26. Qf3 Ne3 27. Rae1 h6 28. Qf4
Qxf4 29. Rxf4 Rxb7 30. Rxd4 Nf5 31. Rd5 Kf8 32. Bxf5 gxf5 33. Re7 Rg8 34. Rdxd7
Rxd7 35. Rxd7 Ke8 36. Re7+ Kd8 37. Rxf7 Rg6 38. Kf2 Rg5 39. Rg7 Ke8 40. Rxg5
hxg5 41. c4 1-0

[Event "Hasselbacken Open 2016"]
[Site "Stockholm SWE"]
[Date "2016.05.06"]
[Round "7.18"]
[White "Cramling, Dan"]
[Black "Blomqvist, Erik"]
[Result "1-0"]
[WhiteTitle "IM"]
[BlackTitle "GM"]
[WhiteElo "2354"]
[BlackElo "2515"]
[WhiteFideId "1700162"]
[BlackFideId "1709437"]
[EventDate "2016.04.30"]

1. d4 Nf6 2. c4 e6 3. Nc3 Bb4 4. e3 b6 5. Ne2 c5 6. a3 Ba5 7. Bd2 O-O 8. Rb1 Na6
9. d5 exd5 10. Nxd5 Nxd5 11. cxd5 Bxd2+ 12. Qxd2 d6 13. Nc3 Nc7 14. Be2 Qg5 15.
O-O Bh3 16. Bf3 Rfe8 17. Ne4 Qg6 18. Ng3 Bd7 19. Bh5 Qf6 20. f4 Bf5 21. Rbe1 Be4
22. Bf3 Bxf3 23. Rxf3 Rad8 24. e4 Nb5 25. e5 dxe5 26. fxe5 Qg6 27. Ne4 Kh8 28.
Rg3 Qh5 29. Rg5 Qh4 30. g3 Qh6 31. Qf2 Nd4 32. Rf1 Re7 33. d6 Red7 34. b4 Ne6
35. Rf5 cxb4 36. axb4 Rf8 37. Kg2 Qg6 38. Qe3 Rc8 39. R1f2 Kg8 40. h4 Qg4 41.
Qd3 Rc1 42. Ng5 Nxg5 43. hxg5 Qh5 44. Rf1 Rxf1 45. Qxf1 Rd8 46. Qc4 Qg6 47. Rxf7
Qxf7 48. e6 Qb7+ 49. Kh2 Kh8 50. e7 Rc8 51. b5 Qd7 52. Qf7 Rg8 53. Qd5 Rc8 54.
Qe5 Qe8 55. Qe2 Qd7 56. Qe5 Rc2+ 57. Kg1 Rc1+ 58. Kh2 Qe8 59. g4 Rd1 60. Kg3 Kg8
61. Qe6+ Kh8 62. Kf2 Rxd6 63. Qxd6 Kg8 64. Qd5+ Qf7+ 65. Ke3 1-0

[Event "Hasselbacken Open 2016"]
[Site "Stockholm SWE"]
[Date "2016.05.06"]
[Round "7.19"]
[White "Berovski, Krum"]
[Black "Postny, Evgeny"]
[Result "0-1"]
[BlackTitle "GM"]
[WhiteElo "2339"]
[BlackElo "2673"]
[WhiteFideId "2902931"]
[BlackFideId "2804344"]
[EventDate "2016.04.30"]

1. d4 Nf6 2. c4 e6 3. Nc3 Bb4 4. e3 Bxc3+ 5. bxc3 b6 6. Bd3 Bb7 7. f3 d6 8. Ne2
e5 9. e4 Nc6 10. O-O Qe7 11. Be3 Nd7 12. Qc1 Na5 13. Qc2 O-O-O 14. Nc1 f5 15. d5
f4 16. Bf2 Ba8 17. Qa4 Kb8 18. Nb3 Nb7 19. Rab1 Nbc5 20. Nxc5 Nxc5 21. Qd1 Bb7
22. Bc2 g5 23. Ba4 Rhg8 24. Bc6 g4 25. Bxb7 Nxb7 26. fxg4 Qg5 27. Qf3 Qxg4 28.
Kh1 Qd7 29. Rb4 Rg6 30. Rg1 Rdg8 31. a4 Qg7 32. Rb5 a6 33. Rb2 a5 34. Rb5 Ka7
35. Qh3 Rg4 36. Qf3 Qh6 37. Rb2 Nc5 38. Bxc5 dxc5 39. Rc2 Rg3 40. Qd1 R8g4 41.
h3 f3 42. Rf2 fxg2+ 43. Rgxg2 Rxh3+ 44. Rh2 Rxe4 45. d6 Reh4 0-1

[Event "Hasselbacken Open 2016"]
[Site "Stockholm SWE"]
[Date "2016.05.06"]
[Round "7.20"]
[White "Jacobs, Florian"]
[Black "Vorobiov, Evgeny E."]
[Result "0-1"]
[BlackTitle "GM"]
[WhiteElo "2229"]
[BlackElo "2572"]
[WhiteFideId "1018329"]
[BlackFideId "4121341"]
[EventDate "2016.04.30"]

1. d4 d6 2. e4 Nf6 3. f3 g6 4. c4 Bg7 5. Ne2 O-O 6. Nec3 a6 7. Be3 c6 8. Nd2 b5
9. Be2 Nbd7 10. O-O Bb7 11. Rc1 Rc8 12. b4 a5 13. a3 axb4 14. axb4 bxc4 15. Nxc4
Ba8 16. Nb2 Ne8 17. Qd2 Nc7 18. f4 Rb8 19. Nca4 Qc8 20. Nd3 Qb7 21. Bf3 Qa7 22.
Ndb2 Qb7 23. Nd3 Nb6 24. Nxb6 Qxb6 25. e5 Qb5 26. Ra1 Nd5 27. Ra5 Qb7 28. Rfa1
Qc8 29. Ra7 Bb7 30. Rc1 Qd8 31. Bxd5 cxd5 32. b5 Bc8 33. Qa5 Bd7 34. Qxd8 Rfxd8
35. b6 Rxb6 36. Bd2 Rb3 37. Ba5 Re8 38. Nb4 Be6 39. Nc6 Bf8 40. Bd8 dxe5 41.
fxe5 Bh6 42. Rca1 Rc3 43. Nxe7+ Kf8 44. Bc7 Be3+ 45. Kf1 Rxc7 46. Rxc7 Bxd4 47.
Rd1 Bxe5 48. Nxd5 Bxd5 49. Rc5 Be6 50. Re1 Bxh2 0-1

[Event "Hasselbacken Open 2016"]
[Site "Stockholm SWE"]
[Date "2016.05.06"]
[Round "7.21"]
[White "Tari, Aryan"]
[Black "Rydstrom, Tom"]
[Result "1/2-1/2"]
[WhiteTitle "IM"]
[BlackTitle "FM"]
[WhiteElo "2549"]
[BlackElo "2302"]
[WhiteFideId "1510045"]
[BlackFideId "1714830"]
[EventDate "2016.04.30"]

1. e4 e5 2. Nf3 Nc6 3. Bb5 a6 4. Ba4 Nf6 5. O-O Be7 6. d3 b5 7. Bb3 d6 8. a4 Rb8
9. c3 O-O 10. Re1 Na5 11. Ba2 c5 12. Nbd2 Qc7 13. axb5 axb5 14. Nf1 Bd7 15. Bg5
h6 16. Bh4 Be6 17. Ne3 c4 18. d4 Ra8 19. Qc2 Ng4 20. Nd5 Bxd5 21. Bxe7 Qxe7 22.
exd5 Rfd8 23. Rad1 Qc7 24. Bb1 g6 25. h3 Nf6 26. dxe5 dxe5 27. Nxe5 Ra6 28. Nxg6
fxg6 29. Qxg6+ Qg7 30. Qf5 Rad6 31. Re6 Nb3 32. Rde1 Rxd5 33. Qxf6 Qxf6 34. Rxf6
Rd1 35. Re6 Rxe1+ 36. Rxe1 Rd2 37. Bf5 Rxb2 38. Be6+ Kg7 39. Bd7 Nc5 40. Re5
Nxd7 41. Re7+ Kf6 42. Rxd7 Ke6 43. Rd1 Rb3 44. Rc1 Kd5 45. Kf1 Ke4 46. h4 Kd3
47. g4 Ke4 48. Kg2 Kf4 49. g5 hxg5 50. hxg5 Kxg5 51. Kf3 b4 52. Ke3 Rxc3+ 53.
Rxc3 bxc3 54. Ke2 Kf4 55. Kd1 Kf3 56. Kc2 Kxf2 57. Kxc3 Ke3 58. Kxc4 1/2-1/2

[Event "Hasselbacken Open 2016"]
[Site "Stockholm SWE"]
[Date "2016.05.06"]
[Round "7.22"]
[White "Kjartansson, Gudmundur"]
[Black "Bergstrom, Rolf"]
[Result "1-0"]
[WhiteTitle "IM"]
[BlackTitle "FM"]
[WhiteElo "2457"]
[BlackElo "2298"]
[WhiteFideId "2301318"]
[BlackFideId "1702386"]
[EventDate "2016.04.30"]

1. Nf3 b6 2. e4 Bb7 3. Nc3 e6 4. d4 Bb4 5. Bd3 Nf6 6. Qe2 d5 7. exd5 Bxc3+ 8.
bxc3 Qxd5 9. c4 Qh5 10. Rb1 O-O 11. Rb5 Bxf3 12. gxf3 c5 13. dxc5 bxc5 14. f4
Qxe2+ 15. Kxe2 Nbd7 16. Be3 Rfc8 17. Rhb1 g6 18. Rb7 a6 19. f3 Kf8 20. c3 Ke7
21. Bc2 Kd8 22. f5 gxf5 23. Bf4 e5 24. Bg5 Rc7 25. Bxf5 Ra7 26. Rxa7 Rxa7 27.
Bxd7 1-0

[Event "Hasselbacken Open 2016"]
[Site "Stockholm SWE"]
[Date "2016.05.06"]
[Round "7.23"]
[White "Backlund, Anders"]
[Black "Akesson, Ralf"]
[Result "1/2-1/2"]
[BlackTitle "GM"]
[WhiteElo "2287"]
[BlackElo "2452"]
[WhiteFideId "1702718"]
[BlackFideId "1700120"]
[EventDate "2016.04.30"]

1. e4 c6 2. d4 d5 3. e5 Bf5 4. c3 e6 5. Be3 Nd7 6. Nd2 Ne7 7. Ngf3 Bg6 8. Nh4
Nf5 9. Nxf5 Bxf5 10. Be2 Qb6 11. b4 a5 12. a3 Be7 13. O-O O-O 14. f4 axb4 15.
axb4 Rxa1 16. Qxa1 f6 17. Bf2 Qc7 18. Qa7 Nb6 19. Qa2 fxe5 20. fxe5 Ra8 21. Qb3
Qd8 22. Nf3 Ra4 23. Rc1 Qa8 24. Bh4 Bf8 25. Qd1 Ra2 26. Bd3 Bxd3 27. Qxd3 Qa6
28. Qxa6 Rxa6 29. Bd8 g6 30. Bxb6 Bh6 31. Rb1 Rxb6 32. Ra1 Ra6 33. Rxa6 bxa6 34.
Kf2 Kf7 35. Ke2 Ke7 36. Ne1 Bf8 37. Nd3 Ke8 38. Kf3 Be7 39. g3 Kd7 40. h4 Ke8
41. Kg4 h6 42. Kf3 Kf7 43. Ke2 Ke8 44. Kd1 Kf7 45. Kc2 h5 46. Nf4 Bd8 47. Kb3 a5
48. Ka4 1/2-1/2

[Event "Hasselbacken Open 2016"]
[Site "Stockholm SWE"]
[Date "2016.05.06"]
[Round "7.24"]
[White "Brunner, Nicolas"]
[Black "Grandell, Anders"]
[Result "0-1"]
[WhiteTitle "IM"]
[BlackTitle "FM"]
[WhiteElo "2447"]
[BlackElo "2290"]
[WhiteFideId "620246"]
[BlackFideId "1709771"]
[EventDate "2016.04.30"]

1. d4 d5 2. c4 dxc4 3. e3 b5 4. a4 b4 5. Bxc4 e6 6. Nf3 Nf6 7. O-O Be7 8. Nbd2
Bb7 9. a5 a6 10. Qe2 O-O 11. Rd1 Nbd7 12. e4 c5 13. e5 Nd5 14. Nb3 Rc8 15. dxc5
Nxc5 16. Nxc5 Rxc5 17. Bxa6 Bxa6 18. Qxa6 Qa8 19. Qd3 Rxa5 20. Rxa5 Qxa5 21. Bg5
Bc5 22. Nd2 Qc7 23. Qg3 f5 24. exf6 Qxg3 25. hxg3 gxf6 26. Bh6 Ra8 27. Nc4 Kf7
28. Kf1 Ra2 29. Rd3 Ke7 30. g4 Kd7 31. Bd2 Kc6 32. Rh3 Nb6 33. Nxb6 Kxb6 34. Rb3
Kb5 35. Ke2 Kc4 36. Rf3 Rxb2 37. Rxf6 e5 38. Rf7 b3 39. Rxh7 Ra2 40. Rb7 b2 41.
g5 e4 42. g6 Bd4 43. Kd1 Ra6 44. f3 e3 45. Bxe3 Kd3 46. Bc1 Ra1 0-1

[Event "Hasselbacken Open 2016"]
[Site "Stockholm SWE"]
[Date "2016.05.06"]
[Round "7.26"]
[White "Liang, Awonder"]
[Black "Wahlbom, Magnus"]
[Result "1-0"]
[WhiteTitle "IM"]
[WhiteElo "2410"]
[BlackElo "2223"]
[WhiteFideId "2056437"]
[BlackFideId "1700685"]
[EventDate "2016.04.30"]

1. e4 c5 2. Nf3 d6 3. Bb5+ Bd7 4. Bxd7+ Qxd7 5. c4 Nc6 6. d4 cxd4 7. Nxd4 g6 8.
Nc3 Bg7 9. Be3 Nf6 10. f3 O-O 11. O-O Rac8 12. b3 Rfe8 13. Qd2 b6 14. Nde2 Qb7
15. Rab1 Nd7 16. Rfc1 Qb8 17. Rd1 Rcd8 18. Bg5 Qc8 19. Kh1 f6 20. Bh4 g5 21. Bf2
Nce5 22. Nd4 Nc5 23. Qe2 e6 24. Be3 Bf8 25. g3 Ng6 26. b4 Nd7 27. Rbc1 Qb7 28.
a3 h6 29. f4 f5 30. Qg2 Nf6 31. exf5 Qxg2+ 32. Kxg2 exf5 33. Nxf5 gxf4 34. gxf4
Nh4+ 35. Nxh4 Rxe3 36. Nf5 Re6 37. Kf3 Rd7 38. Nb5 a6 39. Nbd4 Re4 40. Ne3 Rde7
41. Ndf5 Re8 42. Rc3 R4e6 43. Nd4 Re4 44. Ndf5 R4e6 45. Rcd3 Kf7 46. Rxd6 1-0

[Event "Hasselbacken Open 2016"]
[Site "Stockholm SWE"]
[Date "2016.05.06"]
[Round "7.27"]
[White "Henriksson, Johan"]
[Black "Stark, Lars"]
[Result "1-0"]
[WhiteTitle "FM"]
[BlackTitle "IM"]
[WhiteElo "2208"]
[BlackElo "2409"]
[WhiteFideId "1703560"]
[BlackFideId "4676386"]
[EventDate "2016.04.30"]

1. d4 Nf6 2. c4 e6 3. g3 c5 4. Nf3 b6 5. Bg2 Bb7 6. O-O cxd4 7. Nxd4 Bxg2 8.
Kxg2 Qc7 9. b3 a6 10. Bb2 Qb7+ 11. f3 Be7 12. Nc3 O-O 13. e4 d6 14. Qe2 Re8 15.
h3 Nbd7 16. Kh2 Nf8 17. f4 N6d7 18. Rad1 Rac8 19. h4 Rc5 20. Kh3 Qc8 21. Na4 Rc7
22. e5 dxe5 23. fxe5 Ng6 24. Nf3 h6 25. Nc3 Nc5 26. Ne4 Nxe4 27. Qxe4 Qb7 28.
Qxb7 Rxb7 29. Rd3 Rc8 30. Rfd1 b5 31. Rd7 Rcc7 32. Rxc7 Rxc7 33. Rc1 bxc4 34.
Rxc4 Rxc4 35. bxc4 h5 36. Kg2 Kf8 37. Kf2 Bc5+ 38. Ke2 Ne7 39. Bd4 Bb4 40. Kd3 1-0

[Event "Hasselbacken Open 2016"]
[Site "Stockholm SWE"]
[Date "2016.05.06"]
[Round "7.28"]
[White "Lindberg, Bo 1984"]
[Black "Malm Lindberg, Henrik"]
[Result "1-0"]
[WhiteTitle "FM"]
[WhiteElo "2397"]
[BlackElo "2208"]
[WhiteFideId "1705997"]
[BlackFideId "1702599"]
[EventDate "2016.04.30"]

1. d4 Nf6 2. Nf3 e6 3. c4 b6 4. g3 Bb7 5. Bg2 Be7 6. O-O O-O 7. Re1 h6 8. Bf4 a5
9. Nc3 Ne4 10. Nb5 Na6 11. Nd2 f5 12. Nxe4 fxe4 13. Nc3 d5 14. Bh3 Bc8 15. cxd5
exd5 16. Bxc8 Rxc8 17. Qb3 c6 18. Nxe4 Nc7 19. Bxc7 Rxc7 20. Nc3 Bb4 21. a3 Bxc3
22. Qxc3 Rf6 23. b4 axb4 24. axb4 Rcf7 25. Rf1 Qf8 26. Qe1 Qc8 27. Ra3 Qg4 28.
Qd2 h5 29. Ra8+ Kh7 30. Qd3+ g6 31. Re8 h4 32. Qe3 hxg3 33. hxg3 Qh3 34. Qe5 g5
35. Qxg5 Rg6 36. Qe5 Rfg7 37. Re7 Rxe7 38. Qxe7+ Kg8 39. Qe8+ Kg7 40. Qe5+ Kh7
41. Ra1 Rh6 42. Ra7+ Kg6 43. Rg7# 1-0

[Event "Hasselbacken Open 2016"]
[Site "Stockholm SWE"]
[Date "2016.05.06"]
[Round "7.29"]
[White "Forsberg, Viktor"]
[Black "Evertsson, Lennart"]
[Result "1-0"]
[WhiteTitle "FM"]
[WhiteElo "2370"]
[BlackElo "2198"]
[WhiteFideId "1707914"]
[BlackFideId "1705156"]
[EventDate "2016.04.30"]

1. Nf3 d5 2. d4 Nf6 3. c4 c6 4. Qc2 e6 5. g3 Nbd7 6. Bg2 Bd6 7. O-O O-O 8. Nbd2
e5 9. dxe5 Nxe5 10. Nxe5 Bxe5 11. Nf3 Bc7 12. cxd5 Nxd5 13. Bg5 f6 14. Bd2 f5
15. e3 Qf6 16. b4 Bb6 17. a4 a6 18. Rab1 Be6 19. Ne1 Rad8 20. Nd3 Bf7 21. Nc5
Qe7 22. Rfc1 Bg6 23. Qc4 Bf7 24. Qe2 f4 25. e4 a5 26. Qe1 Nxb4 27. Bxb4 axb4 28.
Qxb4 Bxc5 29. Rxc5 Ba2 30. Rbc1 Rd7 31. Qb2 Be6 32. gxf4 Rxf4 33. Qe5 Rf6 34. f4
Qd8 35. f5 Rd1+ 36. Bf1 Qd2 37. Rxd1 Qxd1 38. Rc3 b5 39. Rd3 Qg4+ 40. Rg3 1-0

[Event "Hasselbacken Open 2016"]
[Site "Stockholm SWE"]
[Date "2016.05.06"]
[Round "7.30"]
[White "Brookes, Christopher"]
[Black "Aguera Naredo, Javier"]
[Result "0-1"]
[WhiteTitle "CM"]
[BlackTitle "FM"]
[WhiteElo "2213"]
[BlackElo "2369"]
[WhiteFideId "4669355"]
[BlackFideId "2204169"]
[EventDate "2016.04.30"]

1. e4 e5 2. Nf3 Nc6 3. Bb5 a6 4. Ba4 Nf6 5. O-O Nxe4 6. d4 b5 7. Bb3 d5 8. dxe5
Be6 9. c3 Bc5 10. Nbd2 O-O 11. Bc2 Bf5 12. a4 b4 13. Nb3 Bg4 14. Nxc5 Nxc5 15.
h3 Bh5 16. Bf4 bxc3 17. bxc3 Ne6 18. Bh2 Ng5 19. Kh1 Nxf3 20. gxf3 Qd7 21. Kg2
f6 22. Qb1 fxe5 23. Bxh7+ Kh8 24. f4 g6 0-1

[Event "Hasselbacken Open 2016"]
[Site "Stockholm SWE"]
[Date "2016.05.06"]
[Round "7.32"]
[White "Rietze, Clemens"]
[Black "Kaasen, Tor Fredrik"]
[Result "1-0"]
[WhiteTitle "FM"]
[WhiteElo "2354"]
[BlackElo "2177"]
[WhiteFideId "24620351"]
[BlackFideId "1516647"]
[EventDate "2016.04.30"]

1. d4 Nf6 2. c4 g6 3. Nc3 Bg7 4. e4 d6 5. f3 O-O 6. Be3 c5 7. Nge2 Nc6 8. d5 Ne5
9. Ng3 h5 10. Be2 h4 11. Nf1 e6 12. f4 Nxc4 13. Bxc4 b5 14. Bxb5 exd5 15. e5
dxe5 16. fxe5 Bg4 17. Be2 Bxe2 18. Qxe2 Nd7 19. O-O-O d4 20. Bxd4 cxd4 21. Rxd4
Qc7 22. Ne3 Nb6 23. Ng4 Rfe8 24. Re4 Rac8 25. Kb1 Re6 26. Nb5 Qc5 27. Nd4 Re7
28. Nb3 Qd5 29. Rd1 Qb7 30. Re1 Nd5 31. Qf3 a5 32. Rd4 Nb4 33. Qxb7 Rxb7 34.
Nxa5 Rb5 35. Nc4 Ra8 36. a3 Nc6 37. Rde4 Rab8 38. R1e2 Rd5 39. Rd2 Rc5 40. Ka2
Kh7 41. Rf2 Kg8 42. Rfe2 Rd8 43. b4 Rcd5 44. Nf6+ Bxf6 45. exf6 Rf5 46. Rxh4
Rxf6 47. Rhe4 Kg7 48. b5 Na7 49. a4 Rf1 50. Re7 Nc8 51. Rc7 Rf4 52. Rc2 Kf6 53.
g3 Rfd4 54. b6 Ne7 55. b7 Nd5 56. Rc8 Nb4+ 57. Kb3 Na6 58. Rc6+ 1-0

[Event "Hasselbacken Open 2016"]
[Site "Stockholm SWE"]
[Date "2016.05.06"]
[Round "7.33"]
[White "Lundvik, Jonas"]
[Black "Nihal, Sarin"]
[Result "1/2-1/2"]
[BlackTitle "FM"]
[WhiteElo "2204"]
[BlackElo "2351"]
[WhiteFideId "1704567"]
[BlackFideId "25092340"]
[EventDate "2016.04.30"]

1. d4 Nf6 2. Nf3 g6 3. g3 Bg7 4. Bg2 O-O 5. O-O d6 6. c4 Nbd7 7. Nc3 e5 8. b3 c6
9. dxe5 Nxe5 10. Bb2 Nxf3+ 11. Bxf3 Bh3 12. Re1 d5 13. cxd5 Nxd5 14. Qc1 Nxc3
15. Bxc3 a5 16. Rd1 Qe7 17. Bxg7 Kxg7 18. Rd4 Be6 19. Qe3 Rfd8 20. Rad1 Rxd4 21.
Qxd4+ Kg8 22. h4 Re8 23. h5 Qg5 24. hxg6 hxg6 25. Kg2 Bc8 26. Qb6 Kg7 27. Qc7
Qe5 28. Qb6 Rh8 29. Rh1 Rxh1 30. Kxh1 Qa1+ 31. Kg2 Qxa2 32. Qd4+ Kh7 33. Qh4+
Kg7 34. Qd4+ Kh7 35. Qh4+ Kg7 1/2-1/2

[Event "Hasselbacken Open 2016"]
[Site "Stockholm SWE"]
[Date "2016.05.06"]
[Round "7.34"]
[White "Lokander, Martin"]
[Black "Jogstad, Martin"]
[Result "1-0"]
[WhiteTitle "FM"]
[WhiteElo "2348"]
[BlackElo "2176"]
[WhiteFideId "1709569"]
[BlackFideId "1715364"]
[EventDate "2016.04.30"]

1. d4 d5 2. c4 c6 3. Nc3 Nf6 4. e3 Bf5 5. cxd5 cxd5 6. Qb3 Nc6 7. Qxb7 Bd7 8.
Qb3 Rb8 9. Qd1 e5 10. dxe5 Nxe5 11. Be2 Bd6 12. Nf3 Qc7 13. Nd4 O-O 14. O-O Nc4
15. b3 Nxe3 16. Bxe3 Qxc3 17. Rc1 Qa5 18. Nc6 Bxc6 19. Rxc6 Qd8 20. Bxa7 Ra8 21.
Bd4 Rxa2 22. Bf3 Ne4 23. Bxe4 dxe4 24. Bb6 Bxh2+ 25. Kxh2 Qh4+ 26. Kg1 e3 27.
Bxe3 Ra5 28. Qd4 Qe7 29. Rfc1 h6 30. Rc8 Rxc8 31. Rxc8+ Kh7 32. Rc5 Ra2 33. Qe5
Qa7 34. Rc7 Ra1+ 35. Kh2 Qb8 36. Qf5+ Kh8 37. Qxf7 Kh7 38. Qxg7# 1-0

[Event "Hasselbacken Open 2016"]
[Site "Stockholm SWE"]
[Date "2016.05.06"]
[Round "7.36"]
[White "Mihajlov, Sebastian"]
[Black "Fieandt, John"]
[Result "1-0"]
[WhiteTitle "FM"]
[WhiteElo "2343"]
[BlackElo "2152"]
[WhiteFideId "1512110"]
[BlackFideId "501093"]
[EventDate "2016.04.30"]

1. d4 Nf6 2. c4 g6 3. Nc3 d5 4. Nf3 Bg7 5. Qb3 dxc4 6. Qxc4 O-O 7. e4 Nc6 8. Be2
Bg4 9. d5 Na5 10. Qb4 Bxf3 11. Bxf3 c6 12. O-O Qb6 13. Qa4 cxd5 14. e5 Ne8 15.
Nxd5 Qd8 16. Rd1 Nc6 17. Nf6+ exf6 18. Rxd8 Rxd8 19. exf6 Nxf6 20. Be3 Nd5 21.
Rd1 Nxe3 22. Rxd8 Rxd8 23. fxe3 Bxb2 24. Bxc6 bxc6 25. Qxa7 Rd1+ 26. Kf2 Rd2+
27. Kf3 Rc2 28. Qb8+ Kg7 29. Qb3 Rd2 30. a4 Be5 31. a5 Rd8 32. a6 Bb8 33. Qc3+
Kg8 34. Qxc6 Kg7 35. g4 h6 36. h4 Rf8 37. h5 Rd8 38. hxg6 Rd6 39. Qxd6 1-0

[Event "Hasselbacken Open 2016"]
[Site "Stockholm SWE"]
[Date "2016.05.06"]
[Round "7.37"]
[White "Gamback, Bjorn"]
[Black "Ornstein, Axel"]
[Result "1/2-1/2"]
[WhiteTitle "CM"]
[BlackTitle "IM"]
[WhiteElo "2184"]
[BlackElo "2325"]
[WhiteFideId "1703161"]
[BlackFideId "1700111"]
[EventDate "2016.04.30"]

1. d4 Nf6 2. c4 e6 3. Nf3 b6 4. g3 Ba6 5. Nbd2 d5 6. Bg2 Bd6 7. Ne5 O-O 8. cxd5
exd5 9. Ndf3 c5 10. Be3 Re8 11. O-O Nbd7 12. Nxd7 Qxd7 13. Re1 Rxe3 14. fxe3 Qe7
15. Ne5 Bxe5 16. dxe5 Qxe5 17. e4 d4 18. Qa4 Bb7 19. Rad1 h5 20. e3 dxe3 21.
Rxe3 Qxb2 22. h3 Qe5 23. Red3 a6 24. Qb3 b5 25. Rd8+ Rxd8 26. Rxd8+ Kh7 27. Qxf7
Bxe4 28. Bxe4+ Qxe4 29. Rc8 Qf3 30. Qb3 Qf5 31. Rc7 c4 32. Qb2 a5 33. a4 Qd3 34.
Qe5 b4 35. Kh2 Qd2+ 36. Kg1 Qd1+ 37. Kh2 Qc2+ 38. Kg1 Qb1+ 39. Kh2 Qa2+ 40. Kg1
Qb1+ 41. Kh2 Qf1 42. Qg5 Qf2+ 43. Kh1 Qf1+ 44. Kh2 Qf2+ 45. Kh1 Qf1+ 46. Kh2
Qf2+ 1/2-1/2

[Event "Hasselbacken Open 2016"]
[Site "Stockholm SWE"]
[Date "2016.05.06"]
[Round "7.38"]
[White "Bruchmann, Stephan"]
[Black "Ask, Josef"]
[Result "1/2-1/2"]
[WhiteTitle "FM"]
[WhiteElo "2318"]
[BlackElo "2118"]
[WhiteFideId "4624432"]
[BlackFideId "1704583"]
[EventDate "2016.04.30"]

1. e4 e5 2. Nf3 Nc6 3. Bc4 Nf6 4. O-O Nxe4 5. Qe2 Nd6 6. Nxe5 Be7 7. Bb3 O-O 8.
Nxc6 dxc6 9. d4 Nf5 10. c3 Bd6 11. Nd2 Qh4 12. Nf3 Qh5 13. Qe4 Bd7 14. Ne5 Rae8
15. Bf4 Nh4 16. Bg3 Nf5 17. Bf4 Nh4 18. Qd3 Bf5 19. Qg3 Ng6 20. Nxg6 Qxg6 21.
Rfe1 Qxg3 22. Bxg3 g5 23. f3 Kg7 24. Kf2 h5 25. h4 f6 26. Rad1 Kg6 27. a4 Kg7
28. Bc4 Kg6 29. Bb3 Kg7 30. Bc4 Kg6 1/2-1/2

[Event "Hasselbacken Open 2016"]
[Site "Stockholm SWE"]
[Date "2016.05.06"]
[Round "7.39"]
[White "Adler, Bo"]
[Black "Pratyusha, Bodda"]
[Result "0-1"]
[BlackTitle "WIM"]
[WhiteElo "2162"]
[BlackElo "2318"]
[WhiteFideId "1702149"]
[BlackFideId "5000629"]
[EventDate "2016.04.30"]

1. d4 d5 2. c4 c6 3. Nc3 Nf6 4. Nf3 e6 5. e3 Nbd7 6. Qc2 Bd6 7. Bd2 O-O 8. cxd5
exd5 9. Bd3 Re8 10. O-O-O b5 11. g4 b4 12. Na4 Ne4 13. Be1 Nb6 14. h3 Nxa4 15.
Qxa4 Bd7 16. Ne5 Bxe5 17. Bxe4 c5 18. Bxh7+ Kh8 19. Qb3 cxd4 20. Bc2 dxe3 21.
Rxd5 Rc8 22. Qd3 Rxc2+ 23. Qxc2 Qa8 24. Rxd7 Rc8 25. Bc3 Qxh1+ 26. Rd1 Qf3 27.
Rd8+ Rxd8 28. Bxe5 Qh1+ 0-1